000 00872cam a2200229 4500
001 ABS66759
008 030704n2003 000 0 eng u
035 _a(Sirsi) u122946
100 _aHemsley, A.
245 2 _aA guide for the perplexed
260 _c2003
490 _aBuilding
_v268(8268) 20 June 2003, 54(1)
520 _aReviews the "Guide to the ACA project partnering contracts PPC2000 and SPC2000". The main part of the guide provides a clause by clause explanation of the two contracts. Other issues covered are the role of the partnering adviser, common pitfalls and checklists and flow charts.
590 _aABS
650 _aPPC 2000
650 _aBUILT ENVIRONMENT-BUILDING CONTRACT FORMS
650 _aSPC 2000
650 _aPARTNERING
650 _aPARTNERING AGREEMENTS
690 _aBUILT ENVIRONMENT-BUILDING CONTRACT FORMS
942 _n0
999 _c73002
_d73002